Biblioteca ESET

El extraño caso del Dr. Jekyll y el señor Hyde (Registro nro. 777)

Detalles MARC
000 -CABECERA
fixed length control field 00370nam a22001337a 4500
001 - NUMERO DE CONTROL
control field 60268
003 - CONTROL NUMBER IDENTIFIER
control field AR-BeUNQ
005 - FECHA Y HORA DE LA ULTIMA TRANSACCION
control field 20240424135808.0
245 01 - MENCION DE TITULO
Título El extraño caso del Dr. Jekyll y el señor Hyde
Mención de responsabilidad, etc Stevenson, Robert L.
Medio físico libro
250 01 - MENCION DE EDICION
Mención de edición 1 a ed.
260 ## - PUBLICACION, DISTRIBUCION, ETC.
Lugar de publicación, distribución, etc. Buenos Aires
Nombre del editor, distribuidor, etc. La estación
Fecha de publicación, distribución, etc 2013
942 01 - ELEMENTOS DE PUNTO DE ACCESO ADICIONAL (KOHA)
Tipo de ítem Koha Libros
Existencias
Estado de retiro Estado de pérdida No para préstamo Ubicación permanente Ubicación actual Ubicación en estantería Fecha de ingreso Total Checkouts Signatura topográfica completa Date last seen Tipo de ítem Koha
      Biblioteca ESET - UNQ Biblioteca ESET - UNQ SALA 01/09/2022   823 STE 24/04/2024 Libros

ESET UNQ

☏ 4365-7188
 Avenida República de Francia 1714 entre Doctor Kenny y Concordia, Ezpeleta, Bs As.
✉ secretaria_eset@unq.edu.ar

Con tecnología Koha